000
00264nam a22001097a 4500
082
_a
808.5 SON'E
100
_a
SONDEL, BESS
_9
57854
245
_a
EVERYDAY SPEECH HOW TO SAY WHAT YOU MEAN
260
_a
NEWYORK
_b
BARNES & NOBLE
_c
1952
300
_a
189P
942
_c
BK
999
_c
568101
_d
568101